书目信息 |
| 题名: |
公路路面基层施工技术规范 JTJ034-2000
|
|
| 作者: | ;交通部公路科学研究所 主编 | |
| 分册: | ||
| 出版信息: | 北京 人民交通出版社 2000.09 |
|
| 页数: | 155页 | |
| 开本: | 20cm | |
| 丛书名: | 中华人民共和国行业标准 | |
| 单 册: | ||
| 中图分类: | U416-65 | |
| 科图分类: | ||
| 主题词: | 道路工程 | |
| 电子资源: | ||
| ISBN: | ||
| 000 | 00905nam0 2200229 45 | |
| 001 | 1457372945 | |
| 005 | 20140504155639.43 | |
| 010 | @dCNY20.00 | |
| 100 | @a19800122d2000 km y0chiy0120 ea | |
| 101 | 0 | @achi |
| 102 | @aCN@b110000 | |
| 200 | 1 | @a公路路面基层施工技术规范 JTJ034-2000@Agong lu lu mian ji ceng shi gong ji shu gui fan JTJ034-2000@d=Technical Specifications for Construction of Highway Roadbases@f交通部公路科学研究所主编@Fjiao tong bu gong lu ke xue yan jiu suo zhu bian |
| 210 | @a北京@c人民交通出版社@d2000.09 | |
| 215 | @a155页@d20cm | |
| 225 | 2 | @a中华人民共和国行业标准 |
| 410 | 0 | @12001 @a中华人民共和国行业标准 |
| 510 | @a=Technical Specifications for Construction of Highway Roadbases | |
| 606 | 0 | @a道路工程 |
| 690 | @aU416-65@v3 | |
| 711 | 0 | @a交通部公路科学研究所@Ajiao tong bu gong lu ke xue yan jiu suo@4主编 |
| 801 | 0 | @aCN@bPFT@c19800122 |
| 905 | @a10447@dU416-65@eJ620 | |
| 公路路面基层施工技术规范 JTJ034-2000=Technical Specifications for Construction of Highway Roadbases/交通部公路科学研究所主编.-北京:人民交通出版社,2000.09 |
| 155页;20cm.-(中华人民共和国行业标准) |
| ←并列题名:=Technical Specifications for Construction of Highway Roadbases |
| ISBN :CNY20.00 |
| ● |
| 相关链接 |
|
|
|
正题名:公路路面基层施工技术规范 JTJ034-2000
索取号:U416-65/J620
 
预约/预借
| 序号 | 登录号 | 条形码 | 馆藏地/架位号 | 状态 | 备注 |
| 1 | 493178 | 204931789 | 土木与交通工程学院资料室/ [索取号:U416-65/J620] | 在馆 | |
| 2 | 493179 | 204931798 | 土木与交通工程学院资料室/ [索取号:U416-65/J620] | 在馆 | |
| 3 | 493180 | 204931805 | 土木与交通工程学院资料室/ [索取号:U416-65/J620] | 在馆 | |
| 4 | 493181 | 204931814 | 土木与交通工程学院资料室/ [索取号:U416-65/J620] | 在馆 | |
| 5 | 493182 | 204931823 | 土木与交通工程学院资料室/ [索取号:U416-65/J620] | 在馆 |